'ing' Movies III Quiz Stats

 Plays Quiz Updated Jul 13, 2017

Support Sporcle.
Go Orange.
Score 0/20 Timer 05:00
0 Plays Today
Movie % Correct
Alice Through the ... GlassAlice Through the Looking Glass
98%
Guess Who's ... to DinnerGuess Who's Coming to Dinner
93.2%
The ... Spider-ManThe Amazing Spider-Man
92.7%
The Perks of ... a WallflowerThe Perks of Being a Wallflower
89.9%
Law ... CitizenLaw Abiding Citizen
89.2%
The Hunger Games: ... FireThe Hunger Games: Catching Fire
86.7%
What's ... Gilbert GrapeWhat's Eating Gilbert Grape
82.8%
Burn After ...Burn After Reading
81%
The Sisterhood of the ... PantsThe Sisterhood of the Traveling Pants
80.6%
While You Were ...While You Were Sleeping
80.1%
Movie % Correct
Look Who's ...Look Who's Talking
78.7%
Lock, Stock and Two ... BarrelsLock, Stock and Two Smoking Barrels
76.2%
Mississippi ...Mississippi Burning
70.6%
Monty Python's The ... of LifeMonty Python's The Meaning of Life
68.1%
Jupiter ...Jupiter Ascending
63%
The ... DaylightsThe Living Daylights
62.3%
House of ... DaggersHouse of Flying Daggers
59.2%
The ... InfernoThe Towering Inferno
54.5%
The Invention of ...The Invention of Lying
50.7%
The ... GameThe Crying Game
47%

You're not logged in!

Compare scores with friends on all Sporcle quizzes.
OR
Log In
Forgot?

From the Vault

Last Ten: French Presidents in Order

by thebail

Thinking about Macron makes us want a macaron. Or even some macaroons.
Remove Ads.
Support Sporcle.
Get the best of Sporcle when you Go Orange. This ad-free experience offers more features, more stats, and more fun while also helping to support Sporcle. Thank you for becoming a member.

Show Comments

Extras

Top Quizzes Today


Score Distribution

Your Account Isn't Verified!

In order to create a playlist on Sporcle, you need to verify the email address you used during registration. Go to your Sporcle Settings to finish the process.

Report this User

Report this user for behavior that violates our Community Guidelines.

Details: